Tawangat Sasha Din (Record no. 5224)

MARC details
000 -LEADER
fixed length control field 00472cam a2200193ua 4500
008 - FIXED-LENGTH DATA ELEMENTS--GENERAL INFORMATION
fixed length control field 131122n ii |||gr||||Z||||||asm
020 ## - INTERNATIONAL STANDARD BOOK NUMBER
International Standard Book Number 978-93-81485-36-1
040 ## - CATALOGING SOURCE
Transcribing agency MAIN
082 ## - DEWEY DECIMAL CLASSIFICATION NUMBER
Classification number 808.8032
245 ## - TITLE STATEMENT
Title Tawangat Sasha Din
Statement of responsibility, etc. By Lohit Deka
260 ## - PUBLICATION, DISTRIBUTION, ETC.
Place of publication, distribution, etc. Guwahati:
Name of publisher, distributor, etc. Jyoti Prakashan,
Date of publication, distribution, etc. 2012.
300 ## - PHYSICAL DESCRIPTION
Extent x,265p.
700 ## - ADDED ENTRY--PERSONAL NAME
Personal name Deka,Lohit,
Relator term
942 ## - ADDED ENTRY ELEMENTS (KOHA)
Koha item type Books
653 ## - INDEX TERM--UNCONTROLLED
Uncontrolled term Literature
653 ## - INDEX TERM--UNCONTROLLED
Uncontrolled term Tawangot Sasha Din
653 ## - INDEX TERM--UNCONTROLLED
Uncontrolled term Travelogue
Holdings
Withdrawn status Lost status Damaged status Not for loan Home library Current library Shelving location Date acquired Total Checkouts Full call number Barcode Date last seen Date last checked out Copy number Price effective from Koha item type
        Central Library, Naharkatiya College Central Library, Naharkatiya College General Stacks 19/09/2020 4 808.8032 | DEK 21856 27/05/2025 26/04/2025 1 19/09/2020 Books

Naharkatiya College © 2020. All rights reserved.

Powered By